000 00570nam a2200205Ia 4500
003 IN-BaIIA
008 211028s9999 xx 000 0 eng d
040 _cIIA Library
080 _a533.5
_bYAR
100 _aYarwood, J.
_92393
245 0 _aHigh vacuum technique
_btheory, practice and properties of materials
_cJ. Yarwood
250 _a4th ed.
260 _aLondon
_bChapman and Hall
_c1967
300 _ax, 274p.
490 _aHigh vacuum series
650 _aNASA Thesaurus
650 _aVacuum physics
_92238
650 _aVacuum technique
_92390
942 _cBK
999 _c3291
_d3291